<?xml version="1.0" encoding="UTF-8"?>
<record
    xmlns:xsi="http://www.w3.org/2001/XMLSchema-instance"
    xsi:schemaLocation="http://www.loc.gov/MARC21/slim http://www.loc.gov/standards/marcxml/schema/MARC21slim.xsd"
    xmlns="http://www.loc.gov/MARC21/slim">

  <leader>00634nam a22001817a 4500</leader>
  <controlfield tag="008">130605t    2005mex||||| |||| 00| 0 spa d</controlfield>
  <datafield tag="020" ind1=" " ind2=" ">
    <subfield code="a">978-84-342-2802-3</subfield>
  </datafield>
  <datafield tag="050" ind1="0" ind2="4">
    <subfield code="a">Z246 A534318 2005</subfield>
  </datafield>
  <datafield tag="100" ind1="1" ind2=" ">
    <subfield code="a">AMBROSE,Gavin </subfield>
  </datafield>
  <datafield tag="245" ind1="1" ind2="0">
    <subfield code="a">Layout</subfield>
    <subfield code="c">Gavine Ambrose ,Paul Harris ,(traduccion Emma Estivill)</subfield>
  </datafield>
  <datafield tag="260" ind1=" " ind2=" ">
    <subfield code="a">Barcelona ,espa&#xF1;a</subfield>
    <subfield code="b">parram&#xF3;n :AVA,2005</subfield>
  </datafield>
  <datafield tag="300" ind1=" " ind2=" ">
    <subfield code="a">175 paginas</subfield>
  </datafield>
  <datafield tag="500" ind1=" " ind2=" ">
    <subfield code="a">sumario, introducci&#xF3;n,fundamentos ,imposici&#xF3;n , conclucion, agradecimientos, contactos</subfield>
  </datafield>
  <datafield tag="650" ind1="1" ind2="7">
    <subfield code="a">ESTILO (IMPRENTA) </subfield>
  </datafield>
  <datafield tag="650" ind1="1" ind2="7">
    <subfield code="a">ARTES GRAFICAS </subfield>
  </datafield>
  <datafield tag="700" ind1="1" ind2=" ">
    <subfield code="a">HARRIS ,Paul ,1971-, autor / ESTIVILL , Emma ,traductor</subfield>
  </datafield>
  <datafield tag="942" ind1=" " ind2=" ">
    <subfield code="c">LB</subfield>
  </datafield>
  <datafield tag="952" ind1=" " ind2=" ">
    <subfield code="0">0</subfield>
    <subfield code="1">0</subfield>
    <subfield code="2">lcc</subfield>
    <subfield code="4">0</subfield>
    <subfield code="7">0</subfield>
    <subfield code="a">07</subfield>
    <subfield code="b">07</subfield>
    <subfield code="d">2013-06-05</subfield>
    <subfield code="l">0</subfield>
    <subfield code="o">Z246 A534318 2005</subfield>
    <subfield code="p">07 004020</subfield>
    <subfield code="r">2013-06-05</subfield>
    <subfield code="t">1</subfield>
    <subfield code="w">2013-06-05</subfield>
    <subfield code="y">LB</subfield>
  </datafield>
  <datafield tag="999" ind1=" " ind2=" ">
    <subfield code="c">89938</subfield>
    <subfield code="d">89938</subfield>
  </datafield>
</record>
